| 000 | 01769cam a2200337Ia 4500 | ||
|---|---|---|---|
| 001 | 456838770 | ||
| 003 | OCoLC | ||
| 005 | 20150408114104.0 | ||
| 008 | 090911s2010 enka 000 0 eng | ||
| 010 | _a2010293660 | ||
| 015 |
_aGBA999494 _2bnb |
||
| 020 | _a9780521878548 (cased) | ||
| 020 | _a0521878543 (cased) | ||
| 020 | _a9780521703024 (pbk.) | ||
| 020 | _a0521703026 (pbk.) | ||
| 035 | _a(OCoLC)456838770 | ||
| 040 |
_aUKM _cUKM _dDLC _dBWKUK _dBWK _dYDXCP _dBWX _dYAM _dAGL |
||
| 042 | _aukblcatcopy | ||
| 050 | 0 | 0 |
_aQP121 _b.R463 2010 |
| 070 | 0 |
_aQP121 _b.R47 2010 |
|
| 082 | 0 | 4 |
_a596.14 _222 _bREP |
| 245 | 0 | 0 |
_aRespiratory physiology of vertebrates : _blife with and without oxygen / _cedited by Göran Nilsson. |
| 260 |
_aCambridge : _bCambridge University Press, _c2010. |
||
| 300 |
_axvi, 334 p. : _bill. ; _c26 cm. |
||
| 504 | _aIncludes bibliographical references and index. | ||
| 505 | 0 | _aIntroduction : why we need oxygen / Göran E. Nilsson -- Sensing oxygen / Mikko Nikinmaa -- Oxygen uptake and transport in water breathers / Steve F. Perry and Kathleen M. Gilmour -- Oxygen uptake and transport in air breathers / Nini Skovgaard, James W. Hicks, and Tobias Wang -- Adaptations to hypoxia in fishes / Göran E. Nilsson and David J. Randall -- Breathing air in water and in air : the air-breathing fishes / Jeffrey B. Graham and Nicholas C. Wegner -- Air breathers under water : diving mammals and birds / Lars P. Folkow and Arnoldus Schytte Blix -- Vertebrate life at high altitude / Frank L. Powell and Susan R. Hopkins -- Surviving without any oxygen / Göran E. Nilsson. | |
| 650 | 0 |
_aVertebrates _xRespiration. _918367 |
|
| 650 | 0 |
_aVertebrates _xRespiratory organs. _918368 |
|
| 700 | 1 |
_aNilsson, Göran E. _918369 |
|
| 942 |
_2ddc _cDVD |
||
| 999 |
_c26449 _d260949 |
||